Guía descriptiva : (Record n. 29488)
[ formato base ]
| 000 -LEADER | |
|---|---|
| fixed length control field | 01582nas a2200337 i 4500 |
| 003 - CONTROL NUMBER IDENTIFIER | |
| control field | IT-RoINE |
| 005 - DATE AND TIME OF LATEST TRANSACTION | |
| control field | 20190311081554.0 |
| 008 - FIXED-LENGTH DATA ELEMENTS--GENERAL INFORMATION | |
| fixed length control field | 961107d19uu193usp fr 0uuub0mul d |
| 022 0# - INTERNATIONAL STANDARD SERIAL NUMBER | |
| International Standard Serial Number | 2485-6525 |
| Incorrect ISSN | 9952-9505 |
| 040 ## - CATALOGING SOURCE | |
| Original cataloging agency | SpMaBN |
| Language of cataloging | spa |
| Transcribing agency | SIC IT-RoINE |
| Modifying agency | IT-RoINE |
| 041 0# - LANGUAGE CODE | |
| Language code of text/sound track or separate title | spa |
| -- | eng |
| -- | fre |
| -- | ger |
| 245 10 - TITLE STATEMENT | |
| Title | Guía descriptiva : |
| Remainder of title | tarifas, balnearios, noticias generales / |
| Statement of responsibility, etc | Compañía de los Caminos de Hierro del Norte de España. |
| 246 1# - VARYING FORM OF TITLE | |
| Display text | Título de la página de sumario |
| Title proper/short title | Guía descriptiva de los Caminos de Hierro del Norte de España |
| 246 31 - VARYING FORM OF TITLE | |
| Title proper/short title | Itinerarios descriptivos de su red |
| 246 31 - VARYING FORM OF TITLE | |
| Title proper/short title | Itinériares descriptifs de son réseau |
| 246 31 - VARYING FORM OF TITLE | |
| Title proper/short title | Kurze Beschreibung der Reiserouten ihrer Linien |
| 246 31 - VARYING FORM OF TITLE | |
| Title proper/short title | Descriptive itinerary of its lines |
| 260 ## - PUBLICATION, DISTRIBUTION, ETC. (IMPRINT) | |
| Place of publication, distribution, etc | Madrid |
| Name of publisher, distributor, etc | [Compañía de los Caminos del Norte de España], |
| 300 ## - PHYSICAL DESCRIPTION | |
| Extent | v. ; |
| Dimensions | 21 cm. |
| 310 ## - CURRENT PUBLICATION FREQUENCY | |
| Current publication frequency | Semestral |
| Dates | 1912-<1934> |
| 321 ## - FORMER PUBLICATION FREQUENCY | |
| Former publication frequency | Anual |
| Dates | <1911> |
| 336 ## - CONTENT TYPE | |
| Source | rdacontent |
| Content type term | text |
| 337 ## - MEDIA TYPE | |
| Source | rdamedia |
| Media type term | unmediated |
| 338 ## - CARRIER TYPE | |
| Source | rdacarrier |
| Carrier type term | volume |
| 500 ## - GENERAL NOTE | |
| General note | Título (mayo 1930): Itinerarios descriptivos de su red = Itinériares descriptifs de son réseau = Descriptive itinerary of its lines = Kurze Beschreibung der Reiserouten ihrer Linien |
| 546 ## - LANGUAGE NOTE | |
| Language note | A partir de <1930> texto en español, francés, inglés y alemán |
| 650 #4 - SUBJECT ADDED ENTRY--TOPICAL TERM | |
| Topical term or geographic name as entry element | Ferrocarriles |
| Geographic subdivision | España |
| General subdivision | Horarios |
| 9 (RLIN) | 57771 |
| Form subdivision | Publicaciones periódicas |
| 651 #4 - SUBJECT ADDED ENTRY--GEOGRAPHIC NAME | |
| Geographic name | España |
| General subdivision | Descripciones y viajes |
| Form subdivision | Publicaciones periódicas |
| 9 (RLIN) | 57774 |
| 710 2# - ADDED ENTRY--CORPORATE NAME | |
| 9 (RLIN) | 57773 |
| Corporate name or jurisdiction name as entry element | Compañía de los Caminos de Hierro del Norte de España |
| 942 ## - ADDED ENTRY ELEMENTS (KOHA) | |
| Item type | Revistas y otros recursos |
| Withdrawn status | Lost status | Damaged status | Not for loan | Home library | Current library | Shelving location | Date acquired | Serial Enumeration / chronology | Total Checkouts | Full call number | Barcode | Date last seen | Price effective from | Koha item type |
|---|---|---|---|---|---|---|---|---|---|---|---|---|---|---|
| Iglesia Nacional Española en Roma | Iglesia Nacional Española en Roma | Depósito | 11/03/2019 | 1930 | Depósito Per.300 | 55407 | 11/03/2019 | 11/03/2019 | Revistas y otros recursos |